Bibliófilos españoles (Record no. 9837)

MARC details
000 -LEADER
campo de control de longitud fija 01101nam a2200277 i 4500
001 - NÚMERO DE CONTROL
campo de control 9837
003 - IDENTIFICADOR DE NÚMERO DE CONTROL
campo de control ES-MaACL
005 - FECHA Y HORA DE LA ÚLTIMA TRANSACCIÓN
campo de control 20240301062530.0
008 - DATOS DE LONGITUD FIJA--INFORMACIÓN GENERAL
campo de control de longitud fija 940131s1993 sp af |||| |dspa d
020 ## - NÚMERO INTERNACIONAL ESTÁNDAR DEL LIBRO
Número Internacional Estándar del Libro 84-7895-020-6
080 ## - NÚMERO DE LA CLASIFICACIÓN DECIMAL UNIVERSAL
Número de la Clasificación Decimal Universal 090.11(460)(091)
080 ## - NÚMERO DE LA CLASIFICACIÓN DECIMAL UNIVERSAL
Número de la Clasificación Decimal Universal 094(064.3)
100 1# - ENTRADA PRINCIPAL--NOMBRE DE PERSONA
Nombre de persona Sánchez Mariana, Manuel.
9 (RLIN) 102752
245 10 - MENCIÓN DEL TÍTULO
Título Bibliófilos españoles
Resto del título : desde sus orígenes hasta los albores del siglo XX /
Mención de responsabilidad, etc. Manuel Sánchez Mariana.
260 ## - PUBLICACIÓN, DISTRIBUCIÓN, ETC.
Lugar de publicación, distribución, etc. [Madrid] :
Nombre del editor, distribuidor, etc. Biblioteca Nacional :
-- Ollero & Ramos,
Fecha de publicación, distribución, etc. D.L. 1993.
300 ## - DESCRIPCIÓN FÍSICA
Extensión 285 p., [10] p. pleg. de lám. :
Otras características físicas il. col. ;
Dimensiones 24 cm.
500 ## - NOTA GENERAL
Nota general Bibliografía.
500 ## - NOTA GENERAL
Nota general Índice.
594 ## - Nota al título y mención de responsabilidad
Nota al título y mención de responsabilidad En port.: "Este catálogo se publica con motivo de la celebración del XVIII Congreso de la Asociación Internacional de Bibliofilia, en Madrid, septiembre de 1993"
650 14 - PUNTO DE ACCESO ADICIONAL DE MATERIA--TÉRMINO DE MATERIA
Término de materia o nombre geográfico como elemento de entrada Bibliofilia-
Subdivisión geográfica España-
Subdivisión general Historia.
9 (RLIN) 10515
650 14 - PUNTO DE ACCESO ADICIONAL DE MATERIA--TÉRMINO DE MATERIA
Término de materia o nombre geográfico como elemento de entrada Bibliófilos-
Subdivisión geográfica España.
9 (RLIN) 141227
650 04 - PUNTO DE ACCESO ADICIONAL DE MATERIA--TÉRMINO DE MATERIA
Término de materia o nombre geográfico como elemento de entrada Libros raros-
Subdivisión de forma Exposiciones.
9 (RLIN) 14454
710 2# - ENTRADA AGREGADA--NOMBRE DE ENTIDAD CORPORATIVA
Nombre de entidad corporativa o nombre de jurisdicción como elemento de entrada Biblioteca Nacional (España)
9 (RLIN) 2188
852 ## - LOCALIZACIÓN
Ubicación ES-MaACL
Número de control de estantería L-17298
Holdings
Estatus retirado Estado de pérdida Estado de daño No para préstamo Biblioteca de origen Biblioteca actual Ubicación en estantería Fecha de adquisición Fuente de adquisición Total de préstamos Signatura topográfica completa Código de barras Visto por última vez Precio de reemplazo Tipo de ítem Koha
        Biblioteca del Ateneo de Madrid Biblioteca del Ateneo de Madrid Depósito 2 17/01/2008     L-17298 1010040 23/02/2023 23/02/2023 Libro impreso